000 00502nam a2200169 i 4500
001 65410
003 ES-MaACL
005 20230906165350.0
007 t|
008 040113s1966 sp ||||1| spa d
100 1 _aFrere, Paul.
_952521
245 1 0 _aConducción en las competiciones /
_cPaul Frere ; [traducción Miguel Callol].
260 _aBarcelona :
_bBlume,
_c[1966]
300 _a140 p., 8 lám. :
_bil. ;
_c22 cm.
700 1 _aCallol, Miguel.
_933757
852 _aES-MaACL
_jC-32379
_bR.63139
999 _c65410
_d65410